2021 March Madness Upsets - Statistics

General Stats
  • This quiz has been taken 325 times
    267 since last reset
  • The average score is 14 of 19
Answer Stats
Round Seed Team Defeated Seed Team % Correct
64 2 Ohio State 15 Oral Roberts
94%
32 7 Florida 15 Oral Roberts
94%
64 6 BYU 11 UCLA
80%
16 2 Alabama 11 UCLA
80%
8 1 Michigan 11 UCLA
80%
32 2 Iowa 7 Oregon
79%
32 1 Illinois 8 Loyola Chicago
77%
64 5 Tennessee 12 Oregon State
76%
32 4 Oklahoma State 12 Oregon State
76%
16 8 Loyola Chicago 12 Oregon State
76%
64 3 Texas 14 Abilene Christian
71%
64 4 Virginia 13 Ohio
71%
64 4 Purdue 13 North Texas
70%
64 6 San Diego State 11 Syracuse
63%
32 3 West Virginia 11 Syracuse
63%
32 3 Kansas 6 USC
58%
64 8 North Carolina 9 Wisconsin
57%
64 7 Clemson 10 Rutgers
47%
64 7 UConn 10 Maryland
45%
No matching quizzes found
Score Distribution
Percent of People with Each Score
Percentile by Number Answered
Your Score History
You have not taken this quiz since the last reset